LEADER 01061nam a2200217 i 4500 001 000000021876 003 CaOOAMICUS 005 20220201163341.0 008 180830n it u000 u ita u 040 $aSeMil$bita 100 0 $aTommaso : d'Aquino,$c.$0(OLS)http://semarc/name/423 245 10$aSomma teologica /$cS. Tommaso d'Aquino. 260 $aSiena :$bCantagalli,$c[19--?] 300 $av. ;$c18 cm. 650 4$aTommaso : d'Aquino . Summa theologiae.$0(OLS)http://semarc/subject/340 774 0 $aTommaso : d'Aquino $tFiglio di Dio prima dell'incarnazione.$kClassici cristiani$w()181090 774 0 $aTommaso : d'Aquino $tNativitą, infanzia e vita pubblica di Gesł.$kClassici cristiani$w()181091 774 0 $aTommaso : d'Aquino $tPassione, morte e resurrezione di Gesł.$kClassici cristiani$w()181092 996 $6245$aSomma teologica$9(OLS)http://semarc/title/29045 996 $6260$aSiena :$bCantagalli$9(OLS)http://semarc/publisher/29767 LEADER 01068nas a2200229 i 4500 001 000000165008 003 CaOOAMICUS 005 20071005000000.0 008 071005b2006 it uu u0 0ita r 013 $a142376 040 $aSeMil$bita 245 10$aAnnuario Accademico 2006-2007. 260 $aMilano :$bGlossa,$cstampa 2006. 300 $a305 p. ;$c19 cm. 500 $aA pič del front. : Facoltą Teologica dell'Italia Settentrionale. - Contiene : Sommario delle Tesi discusse nell'Anno Accademico 2005-2006 ; Annuario Accademico 2006-2007 [del] Centro Studi di Spiritualitą. 773 0 $tAnnuario Accademico [della] Facoltą Teologica dell'Italia Settentrionale.$dMilano : [s.n.], 1969-     .$w()1862 774 0 $t[vedi periodico].$w()267395 850 $aSeMil 852 $aSeMil$W1$xVenegono$y1$m249 3 46$j116207$B116207$CSeMilBibl$Z2$F127116 $85 961 $aOmaggio: Facoltą Teologica di Milano 996 $6245$aAnnuario Accademico 2006-2007$9(OLS)http://semarc/title/235452 996 $6260$aMilano :$bGlossa$9(OLS)http://semarc/publisher/29635